| 000 | 00647nam a2200181 i 4500 | ||
|---|---|---|---|
| 001 | 90134 | ||
| 003 | ES-MaACL | ||
| 005 | 20230906180347.0 | ||
| 007 | t| | ||
| 008 | 050118s1934 fr ||||1| fre d | ||
| 100 | 1 |
_aLefevre, Georges. _971241 |
|
| 245 | 1 | 0 |
_aExpedition Citroën Centre-Asia _b: la croisiere jaune : troisième mission G.M. Haardt-L. Andouin-Dubreuil / _cpar Georges Lefevre ; préface d'André Citroën ; introduction de L. Andouin-Dubreuil. |
| 260 |
_aParis : _bPlon, _c[1934] |
||
| 300 |
_aXLVI, 366 p. ; _c20 cm. |
||
| 700 | 1 |
_aAndouin-Dubreuil, L. _921501 |
|
| 700 | 1 |
_aCitroën, André. _938936 |
|
| 852 |
_aES-MaACL _jA-3290 |
||
| 999 |
_c90134 _d90134 |
||